Zweiter Weltkrieg A-Z #1 - Statistiken

Allgemein
  • Dieses Quiz wurde 927 mal gespielt
  • Das Durchschnittsergebnis liegt bei 12 aus 24
Antwortstatistiken
Hinweis Antwort % Korrekt
A Riesiges Konzentrationslager Auschwitz
95%
F Titel von Adolf Hitler Führer
89%
I Land, das von Mussolini geführt wurde Italien
89%
J Kapitulation dieses Landes, das zum Ende des Krieges führte Japan
89%
L Mit welcher Art von Angriff begann der Angriffskrieg Deutschlands? {Luft}angriffe
69%
R US Präsident bis 1945 Franklin D. Roosevelt
65%
E Deutschlands Verschlüsselungsmaschine Enigma
63%
P Angriff Japans, der für den Kriegseintritt der USA sorgte Pearl Harbor
61%
S Wendepunkt an der Ostfront Stalingrad
61%
T US Präsident am Ende des Krieges Harry Truman
56%
Z Wer litt am meisten unter dem Krieg? Zivilbevölkerung
55%
D Stadt, in der britische Truppen französische Soldaten evakuierten Dunkerque
52%
C Er hat nichts zu bieten außer Blut, Mühsal, Tränen und Schweiß Winston Churchill
51%
W Krieg zwischen Finnland und der UdSSR Winterkrieg
47%
H Kaiser von Japan Hirohito
41%
M Französische Verteidigungen gegen Deutschland {Maginot} Linie
40%
U Wovon hatte Italien bei Kriegseintritt erheblich mehr? U-Boot
38%
V Hauptstadt des nicht eingenommenen Teil Frankreichs Vichy
36%
O Codename für die Schlacht in der Normandie Overlord
26%
B Schlacht, die Teil des Westfeldzuges war Schlacht um {Belgien}
26%
N In dieser chinesischen Stadt verübte Japan ein Massaker mit Ermordungen und Vergewaltigungen Nanking
22%
K Amerikanische politische Figur, die das Patrouillenboot PT-109 kommandierte John F. Kennedy
17%
G Krieg zwischen Japan und der Sowjetunion {Grenz}krieg
6%
Q Chef Norwegens, der mit den Nazis zusammenarbeitete Vidkun Quisling
5%
Keine übereinstimmenden Quizze gefunden
Verteilung der Resultate
Anzahl Personen mit jedem Resultat
Perzentil nach korrekt beantworteten Fragen
Ihre Resultats-Entwicklung
Sie haben dieses Quiz noch nicht gespielt